| 000 | 00562nam a22001937a 4500 | ||
|---|---|---|---|
| 003 | CEME | ||
| 005 | 20210628203001.0 | ||
| 008 | 210105b xxu||||| |||| 00| 0 eng d | ||
| 020 | _a9788131727249 | ||
| 040 | _c. | ||
| 082 | _a621.381 TOS | ||
| 100 |
_aTocci, Ronald J ,Widmer, Neal S ,Moss, Gregory L _962707 |
||
| 245 | _aDigital systems:principles and applications | ||
| 250 | _a10TH | ||
| 260 |
_aINDIA _bPEARSON EDUCATION _c2013 |
||
| 300 | _aXIX, 848P | ||
| 650 |
_aTEXTBOOK-DCE.DIGITAL SYSTEMS:PRINCIPLES AND APPLICATIONS _962708 |
||
| 942 |
_cBK _2ddc |
||
| 999 |
_c571732 _d571732 |
||